header

Key topics in neonatology (Record no. 17708)

MARC details
000 -LEADER
fixed length control field 01267nam a2200337 a 4500
082 04 - DEWEY DECIMAL CLASSIFICATION NUMBER
Classification number 618.9201
100 1# - MAIN ENTRY--AUTHOR NAME
Personal name Mupanemunda, Richard H.
245 10 - TITLE STATEMENT
Title Key topics in neonatology
260 ## - PUBLICATION, DISTRIBUTION, ETC. (IMPRINT)
Place of publication Oxford :
Name of publisher BIOS Scientific,
Year of publication 1999.
300 ## - PHYSICAL DESCRIPTION
Number of Pages xiii,338 p.
490 1# - SERIES STATEMENT
Series statement The key topics series
650 #0 - SUBJECT ADDED ENTRY--TOPICAL TERM
Topical Term Neonatology.
700 1# - ADDED ENTRY--PERSONAL NAME
Personal name Watkinson, Michael.
856 40 - ELECTRONIC LOCATION AND ACCESS
Uniform Resource Identifier http://site.ebrary.com/lib/rucke/Doc?id=5000313

No items available.

© 2026 Rongo University
Contact us: librarian | system librarian | Rongo university